Communes d'Alsace - Mort Subite - Statistiques

Statistiques générales
  • Ce quiz a été pris 2 725 fois
    2 422 depuis la dernière actualisation
  • Le résultat moyen est 12 sur 26
Answers on the Grid
Answers color-coded by a green-red scale on the quiz's grid according to % correct below.
Bernardswiller
Schilitgheim
Colmar
Mulhouse
Kingersheim
Illzach
Munster
Riquewihr
Rixheim
Bouxwiller
Cernay
Bischheim
Epfig
Fort-Louis
La Wantzenau
Molsheim
Selestat
Seltz
Saverne
Sarre-Union
Oberschaeffolsheim
Niederbronn-les-Bains
Niederhausbergen
La Petite-Pierre
Illkirch-Graffenstaden
Haguenau
Schneckenheim
Riedbrück
Krutzenwiller
Oberscheffen
Wurtzfeld
Zimmelhausen
Breitschdorf
Flammenbach
Dorflingen
Hochsheim
Eichenstein
Epinal
Mâcon
Kehl
 
Statistiques - réponses
Réponse % Correct
Colmar
66%
Mulhouse
65%
Haguenau
61%
Molsheim
61%
Selestat
61%
Illkirch-Graffenstaden
58%
Schilitgheim
58%
Munster
55%
Saverne
55%
Bischheim
54%
Riquewihr
51%
Bouxwiller
49%
Oberschaeffolsheim
48%
Kingersheim
47%
Rixheim
46%
La Wantzenau
45%
Niederhausbergen
44%
Niederbronn-les-Bains
43%
Cernay
42%
Illzach
41%
Epfig
35%
Sarre-Union
29%
Seltz
28%
La Petite-Pierre
25%
Bernardswiller
23%
Fort-Louis
12%
Aucun quiz correspondant
Distribution des résultats
% des personnes avec chaque résultat
Percentile par nombre de réponses
Votre historique - résultats
Vous n’avez pas pris ce quiz depuis la dernière actualisation